The widowmaker /

Saved in:
Bibliographic Details
Main Author: Fagyas, M.
Format: Book
Language:English
Published: London : Cassell, 1967, c1966.
LEADER 00676cam a22001937a 4500
001 c000107992
003 CARM
005 19990210000000.0
008 990210t19671966enk 000 1 eng d
019 1 |a 14498635  |5 LACONCORD2021 
035 |a (OCoLC)26335900  |5 LACONCORD2021 
040 |a VLINC  |b eng  |c VLINC 
100 1 |a Fagyas, M. 
245 1 4 |a The widowmaker /  |c by Maria Fagyas. 
260 |a London :  |b Cassell,  |c 1967, c1966. 
300 |a 232 p. 
852 8 |b CARM  |h A2:AJ03G0  |i A02233  |p 0155135  |f BK 
999 f f |i 292c8b95-bfcf-5d03-805a-7e1eb26d4f6f  |s b76db63b-c0f2-5d99-b598-024fe62e569c 
952 f f |p Can circulate  |a CAVAL  |b CAVAL  |c CAVAL  |d CARM 1 Store  |e A02233  |f A2:AJ03G0  |h Other scheme  |i book  |m 0155135